[Event "FRA-chT"]
[Site "FRA"]
[Date "1996.??.??"]
[Round "?"]
[White "Dorfman, Itzhak"]
[Black "Piankov, Evgenij"]
[Result "1-0"]
[WhiteElo "2210"]
[BlackElo "2415"]
[PlyCount "127"]
[EventDate "1996.??.??"]
[Source "ChessBase"]

1. d4 Nf6 2. c4 g6 3. Nc3 d5 4. Nf3 Bg7 5. Qb3 dxc4 6. Qxc4 O-O 7. e4 a6 8. Be2
b5 9. Qb3 Bb7 10. e5 Ne4 11. a4 Nxc3 12. Qxc3 bxa4 13. Rxa4 Nd7 14. O-O Nb6 15.
Ra5 Qd7 16. Bd2 Rfd8 17. Rfa1 h6 18. h3 e6 19. Qc1 Kh7 20. Bb4 Nd5 21. Bc5 Qc6
22. b4 Kg8 23. b5 Qd7 24. bxa6 Bc6 25. a7 g5 26. g3 Nb6 27. R1a3 Bd5 28. Nh2
Qc6 29. Ng4 Nd7 30. Bb5 Qb7 31. Ba6 Qc6 32. Bb5 Qb7 33. Be7 Re8 34. Bxd7 Rxe7
35. Rb5 Rxd7 36. Rxb7 Bxb7 37. Qc5 Be4 38. f3 Bd5 39. Qb5 Rdd8 40. Kf2 c6 41.
Qb6 Rdc8 42. Ne3 c5 43. Nxd5 exd5 44. Qb7 Rd8 45. Qe7 cxd4 46. Qxd8+ Rxd8 47.
a8=Q Rxa8 48. Rxa8+ Kh7 49. f4 gxf4 50. gxf4 Kg6 51. Rg8 h5 52. h4 Kh7 53.
Rxg7+ Kxg7 54. f5 f6 55. e6 Kf8 56. Ke2 Ke8 57. Kd3 Ke7 58. Kxd4 Kd6 59. Kc3
Kc7 60. Kb4 Kc6 61. Ka5 Kc7 62. Ka4 Kc6 63. Kb4 Kd6 64. Kb5 1-0

[Event "FRA-chT"]
[Site "FRA"]
[Date "1996.??.??"]
[Round "?"]
[White "Dorfman, Itzhak"]
[Black "Solozhenkin, Evgeniy"]
[Result "1/2-1/2"]
[WhiteElo "2210"]
[BlackElo "2565"]
[PlyCount "72"]
[EventDate "1996.??.??"]
[Source "ChessBase"]

1. d4 Nf6 2. Nf3 e6 3. g3 c5 4. Bg2 Nc6 5. O-O cxd4 6. Nxd4 Qb6 7. Nb3 d5 8.
Be3 Qc7 9. N1d2 Be7 10. c4 O-O 11. Rc1 Rd8 12. cxd5 Nxd5 13. Bc5 Bxc5 14. Nxc5
b6 15. Nd3 Bb7 16. Qa4 Rac8 17. Nf3 Qb8 18. Rc2 Nce7 19. Rfc1 Rxc2 20. Rxc2 Nf6
21. Nfe5 Bxg2 22. Kxg2 Qb7+ 23. Kg1 Rc8 24. Rxc8+ Nxc8 25. Ng4 Nd7 26. Nge5 Nf6
27. Qc6 Qxc6 28. Nxc6 Kf8 29. f3 Nd5 30. e4 Nde7 31. Nd4 Ke8 32. Kf2 Kd7 33.
Ne5+ Ke8 34. Nc4 Kd7 35. Ne5+ Ke8 36. Nc4 Kd7 1/2-1/2

[Event "FRA-chT"]
[Site "FRA"]
[Date "1996.??.??"]
[Round "?"]
[White "Ebalard, Marc"]
[Black "Fauvet, Eric"]
[Result "1-0"]
[WhiteElo "2250"]
[BlackElo "2175"]
[PlyCount "95"]
[EventDate "1996.??.??"]
[Source "ChessBase"]

1. c4 Nf6 2. g3 Nc6 3. Bg2 e5 4. Nc3 Bc5 5. e3 O-O 6. Nge2 d6 7. O-O Bf5 8. d3
Qd7 9. Ne4 Nxe4 10. dxe4 Bh3 11. Nc3 Bxg2 12. Kxg2 Ne7 13. Bd2 f5 14. f4 Bb6
15. Qf3 Kh8 16. Rae1 c6 17. Bc1 Ba5 18. Rd1 Bxc3 19. bxc3 Qe6 20. exf5 Qxc4 21.
e4 d5 22. fxe5 dxe4 23. Qg4 Rxf5 24. Bh6 Qxa2+ 25. Kh3 Qf7 26. Rxf5 Nxf5 27.
Bf4 Qg6 28. Rd7 a5 29. Qxg6 hxg6 30. g4 Nh6 31. e6 Re8 32. Be5 Rxe6 33. Bxg7+
Kg8 34. Bxh6 e3 35. Rd1 e2 36. Re1 a4 37. Kg2 a3 38. Kf2 a2 39. Bd2 Re4 40. h3
b5 41. Ra1 Ra4 42. Kxe2 c5 43. Kd3 b4 44. cxb4 Ra3+ 45. Kc4 cxb4 46. Kxb4 Rxh3
47. g5 Rh4+ 48. Kb3 1-0

[Event "FRA-chT"]
[Site "FRA"]
[Date "1996.??.??"]
[Round "?"]
[White "Ebalard, Marc"]
[Black "Guidez, Yann Michel"]
[Result "1/2-1/2"]
[WhiteElo "2250"]
[BlackElo "2235"]
[PlyCount "81"]
[EventDate "1996.??.??"]
[Source "ChessBase"]

1. c4 c6 2. Nf3 d5 3. b3 Bg4 4. Bb2 Nd7 5. d3 Ngf6 6. Nbd2 e6 7. g3 Bd6 8. Bg2
Qe7 9. O-O O-O 10. h3 Bh5 11. Re1 Rfd8 12. Qc2 Ba3 13. Qc1 Bxb2 14. Qxb2 h6 15.
a3 Bg6 16. Ne5 Nxe5 17. Qxe5 Rac8 18. Rec1 Nd7 19. Qb2 Qf6 20. Qxf6 Nxf6 21. b4
Kf8 22. Nb3 Ke7 23. f4 Ne8 24. cxd5 cxd5 25. Kf2 Nd6 26. g4 Rxc1 27. Rxc1 Rc8
28. Rxc8 Nxc8 29. Ke3 f6 30. Kd4 Kd6 31. Kc3 Be8 32. e3 Bd7 33. Bf3 Nb6 34. Nc5
Na4+ 35. Nxa4 Bxa4 36. h4 g5 37. fxg5 fxg5 38. hxg5 hxg5 39. d4 e5 40. Be2 Bd7
41. Kb3 1/2-1/2

[Event "FRA-chT"]
[Site "FRA"]
[Date "1996.??.??"]
[Round "?"]
[White "Ebalard, Marc"]
[Black "Harovelo, Ingmar"]
[Result "1-0"]
[WhiteElo "2250"]
[BlackElo "2240"]
[PlyCount "81"]
[EventDate "1996.??.??"]
[Source "ChessBase"]

1. c4 Nf6 2. g3 e6 3. Bg2 d5 4. Nf3 Be7 5. O-O O-O 6. d4 c5 7. dxc5 Bxc5 8. Bg5
Nc6 9. cxd5 exd5 10. Nc3 d4 11. Bxf6 Qxf6 12. Nd5 Qd8 13. Nd2 Be6 14. Nf4 Bf5
15. Nb3 Bb6 16. Rc1 Rc8 17. Nc5 Bxc5 18. Rxc5 Bg4 19. h3 Bd7 20. Qd2 Qe7 21.
Rfc1 Rcd8 22. b4 a6 23. a4 Rfe8 24. b5 axb5 25. axb5 Ne5 26. Qxd4 Bxh3 27. Rxe5
Qxe5 28. Qxe5 Rxe5 29. Nxh3 Rxb5 30. Rc7 b6 31. Nf4 g6 32. Rb7 Rd4 33. Bc6 Rb1+
34. Kg2 Rd8 35. Bd5 Rf8 36. Bc4 Rb4 37. Bd5 Rb5 38. e4 g5 39. Nd3 Kg7 40. Ne5
h6 41. Nxf7 1-0

[Event "FRA-chT"]
[Site "FRA"]
[Date "1996.??.??"]
[Round "?"]
[White "Elbilia, Jacques"]
[Black "Bolding, Klaus"]
[Result "1/2-1/2"]
[WhiteElo "2350"]
[BlackElo "2305"]
[PlyCount "48"]
[EventDate "1996.??.??"]
[Source "ChessBase"]

1. d4 g6 2. e4 d6 3. c4 Bg7 4. Nc3 Nd7 5. f4 e5 6. fxe5 dxe5 7. d5 Ne7 8. Nf3
O-O 9. Bd3 h6 10. Be3 f5 11. Qc2 fxe4 12. Nxe4 Nf5 13. Bf2 Nf6 14. h3 Nxe4 15.
Bxe4 Nd6 16. Nd2 Qg5 17. h4 Qxd2+ 18. Qxd2 Nxe4 19. Qe2 Nxf2 20. O-O Ng4 21. h5
gxh5 22. Qe4 Bd7 23. Rae1 Rae8 24. Rxf8+ Bxf8 1/2-1/2

[Event "FRA-chT"]
[Site "FRA"]
[Date "1996.??.??"]
[Round "?"]
[White "Elbilia, Jacques"]
[Black "Delebarre, Xavier"]
[Result "1-0"]
[WhiteElo "2350"]
[BlackElo "2260"]
[PlyCount "99"]
[EventDate "1996.??.??"]
[Source "ChessBase"]

1. d4 c5 2. d5 d6 3. e4 g6 4. Nc3 Bg7 5. Bb5+ Bd7 6. a4 Nf6 7. Nf3 Bxb5 8. axb5
O-O 9. O-O Nbd7 10. h3 Ne8 11. Bf4 Nc7 12. Qe2 Nb6 13. Ra5 a6 14. bxa6 bxa6 15.
Rd1 Rb8 16. Kh2 Nc8 17. Ra2 Rb6 18. Nd2 e5 19. Be3 f5 20. Nc4 Rb8 21. Na5 Na7
22. Nc6 Nxc6 23. dxc6 Rb6 24. b4 Rxc6 25. bxc5 f4 26. Rxd6 Rxd6 27. cxd6 Qxd6
28. Qc4+ Kh8 29. Bc1 Qb6 30. f3 Qf2 31. Qe2 Qd4 32. Bb2 Rb8 33. Nb5 Qe3 34.
Qxe3 fxe3 35. Nxc7 e2 36. Bc3 Rc8 37. Be1 Rxc7 38. Kg3 Rc6 39. Kf2 Kg8 40. Kxe2
h5 41. c3 Kf7 42. Rb2 Bf6 43. Kd3 Bd8 44. Bf2 Bc7 45. c4 Ke6 46. c5 Kd7 47. Kc4
Ke6 48. Rb7 Kd7 49. Kd5 Rf6 50. Bg3 1-0

[Event "FRA-chT"]
[Site "FRA"]
[Date "1996.??.??"]
[Round "?"]
[White "Elbilia, Jacques"]
[Black "Jaulin, Marc"]
[Result "1-0"]
[WhiteElo "2350"]
[BlackElo "2150"]
[PlyCount "101"]
[EventDate "1996.??.??"]
[Source "ChessBase"]

1. d4 Nf6 2. c4 c5 3. d5 e6 4. Nc3 exd5 5. cxd5 d6 6. e4 g6 7. f4 Bg7 8. Nf3
O-O 9. Be2 Bg4 10. O-O Bxf3 11. Bxf3 Re8 12. Re1 Nbd7 13. a4 a6 14. Re2 c4 15.
Be3 Qa5 16. Kh1 Nc5 17. Bxc5 Qxc5 18. e5 dxe5 19. fxe5 Nd7 20. Ne4 Qb4 21. e6
Ne5 22. exf7+ Nxf7 23. Qe1 Qxe1+ 24. Raxe1 Kf8 25. Bg4 Bd4 26. Be6 Nd8 27. Nd6
Re7 28. Nxc4 Nxe6 29. dxe6 b5 30. axb5 axb5 31. Nd6 b4 32. b3 Bc5 33. Nc4 Bd4
34. g4 Ra1 35. Kg2 Rxe1 36. Rxe1 h6 37. Re4 Bc5 38. Kf3 Kg7 39. h4 Kf6 40. g5+
hxg5 41. hxg5+ Kg7 42. Re5 Bd4 43. Rd5 Bg1 44. Rd6 Re8 45. Ke4 Bc5 46. Rd7+ Kg8
47. Ke5 Be7 48. Nd6 Bxd6+ 49. Kxd6 Kf8 50. Rf7+ Kg8 51. Rb7 1-0

[Event "FRA-chT"]
[Site "FRA"]
[Date "1996.??.??"]
[Round "?"]
[White "Elbilia, Jacques"]
[Black "Leroy, Didier"]
[Result "1-0"]
[WhiteElo "2350"]
[BlackElo "2200"]
[PlyCount "115"]
[EventDate "1996.??.??"]
[Source "ChessBase"]

1. d4 Nf6 2. c4 g6 3. Nc3 d5 4. cxd5 Nxd5 5. e4 Nxc3 6. bxc3 Bg7 7. Bc4 O-O 8.
Ne2 c5 9. O-O Nc6 10. Be3 Qc7 11. Rb1 Rd8 12. Qc1 a6 13. a4 Bd7 14. dxc5 Na5
15. Ba2 Bxa4 16. Rb6 Bb5 17. c4 Be8 18. Qa3 Nc6 19. Rfb1 Ne5 20. f3 Bc6 21. Nf4
Nd7 22. R6b3 Qe5 23. Nd5 Bf8 24. Rd3 e6 25. Kh1 Qb8 26. Qc3 exd5 27. exd5 Qe5
28. Bd4 Qc7 29. dxc6 bxc6 30. Rbd1 Nxc5 31. R3d2 Ne6 32. Bf6 Rxd2 33. Rxd2 c5
34. Bb1 Qb6 35. Be4 Rb8 36. h4 Qb4 37. Qe3 Qxc4 38. Rd7 Rb3 39. Qd2 Qa4 40. Bc2
c4 41. Bxb3 cxb3 42. Rb7 Qa2 43. Qb2 Qxb2 44. Bxb2 Nc5 45. Rb8 f5 46. Ba3 Kf7
47. Rc8 a5 48. Bxc5 Bxc5 49. Rxc5 a4 50. Rb5 Ke6 51. Rb4 Kd5 52. Rxa4 Kc5 53.
Ra7 h6 54. Rb7 Kc4 55. Rb6 Kc3 56. Rxg6 b2 57. Rb6 Kc2 58. g4 1-0

[Event "FRA-chT"]
[Site "FRA"]
[Date "1996.??.??"]
[Round "?"]
[White "Eliet, Nicolas"]
[Black "Chabanon, Jean Luc"]
[Result "1-0"]
[WhiteElo "2380"]
[BlackElo "2435"]
[PlyCount "81"]
[EventDate "1996.??.??"]
[Source "ChessBase"]

1. d4 Nf6 2. Bg5 Ne4 3. h4 f6 4. Bf4 Nc6 5. f3 e5 6. Bh2 f5 7. Bxe5 Nxe5 8.
fxe4 Ng4 9. exf5 d5 10. e4 h5 11. Bd3 Qd6 12. Ne2 dxe4 13. Bxe4 Be7 14. Qd3 O-O
15. Nd2 Nh6 16. Ng3 Qf4 17. O-O-O Ng4 18. Rhf1 Qh6 19. Kb1 Bd6 20. Nc4 Nf6 21.
Nxd6 cxd6 22. Qf3 Rb8 23. Bd3 Bd7 24. Qf4 Qxf4 25. Rxf4 Bc6 26. Rg1 Rbe8 27.
Bc4+ Kh7 28. Be6 Kh6 29. Rf2 g5 30. hxg5+ Kxg5 31. Re2 h4 32. Nf1 Ng4 33. Nd2
Kf4 34. c4 d5 35. Rf1+ Kg3 36. Rf3+ Kh2 37. Rh3+ Kg1 38. Rxh4 Nf2 39. Rf4 Rxe6
40. Rxe6 Nd3 41. Rf1+ 1-0

[Event "FRA-chT"]
[Site "FRA"]
[Date "1996.??.??"]
[Round "?"]
[White "Eliet, Nicolas"]
[Black "Claverie, Christophe"]
[Result "1/2-1/2"]
[WhiteElo "2380"]
[BlackElo "2250"]
[PlyCount "34"]
[EventDate "1996.??.??"]
[Source "ChessBase"]

1. d4 Nf6 2. Nf3 g6 3. Bg5 Bg7 4. Nbd2 O-O 5. c3 d6 6. e4 c5 7. dxc5 dxc5 8.
Qc2 Nc6 9. a4 b6 10. Bxf6 Bxf6 11. Be2 Bb7 12. O-O Qc7 13. Nc4 Rfd8 14. Rad1
Rxd1 15. Rxd1 Rd8 16. Ne3 e6 17. Nc4 Ba6 1/2-1/2

[Event "FRA-chT"]
[Site "FRA"]
[Date "1996.??.??"]
[Round "?"]
[White "Eliet, Nicolas"]
[Black "Nemety, Laslo"]
[Result "1-0"]
[WhiteElo "2380"]
[BlackElo "2170"]
[PlyCount "77"]
[EventDate "1996.??.??"]
[Source "ChessBase"]

1. e4 e6 2. d4 Ne7 3. Nf3 b6 4. Bd3 Ba6 5. O-O Ng6 6. Re1 Be7 7. c4 O-O 8. Nc3
c5 9. d5 e5 10. a3 d6 11. b4 Nf4 12. Bxf4 exf4 13. bxc5 bxc5 14. Qc2 Nd7 15. e5
h6 16. e6 Nb6 17. Na4 fxe6 18. dxe6 Bb7 19. Be4 Bxe4 20. Rxe4 Qe8 21. Nc3 g5
22. a4 Bf6 23. a5 Na4 24. Rxa4 Bxc3 25. Ra3 Bf6 26. h3 Qg6 27. Qd3 Be7 28. Rxf4
Qxe6 29. Re4 Qf7 30. Ra2 Rfe8 31. Rae2 Bf8 32. h4 gxh4 33. Nxh4 Bg7 34. Nf5
Rxe4 35. Qxe4 Rb8 36. Qg4 Rb1+ 37. Kh2 Kh8 38. Nxg7 Qxg7 39. Re8+ 1-0

[Event "FRA-chT"]
[Site "FRA"]
[Date "1996.??.??"]
[Round "?"]
[White "Eliet, Nicolas"]
[Black "Santo Roman, Marc"]
[Result "1/2-1/2"]
[WhiteElo "2380"]
[BlackElo "2385"]
[PlyCount "42"]
[EventDate "1996.??.??"]
[Source "ChessBase"]

1. d4 f5 2. g3 Nf6 3. Bg2 g6 4. c3 Bg7 5. Qb3 Nc6 6. Nh3 e6 7. Nd2 O-O 8. Nf4
Qe7 9. h4 Nd8 10. e4 fxe4 11. Nxe4 Nxe4 12. Bxe4 Nf7 13. Be3 d5 14. Bb1 Nh6 15.
Qc2 Nf5 16. h5 g5 17. Ng2 Bh6 18. Qd3 c6 19. Bc2 Rf7 20. O-O-O Bd7 21. Kb1 Raf8
1/2-1/2

[Event "FRA-chT"]
[Site "FRA"]
[Date "1996.??.??"]
[Round "?"]
[White "Eliet, Renaud"]
[Black "Chagnaud, Thomas"]
[Result "1/2-1/2"]
[WhiteElo "2165"]
[BlackElo "2190"]
[PlyCount "46"]
[EventDate "1996.??.??"]
[Source "ChessBase"]

1. d4 Nf6 2. Nf3 g6 3. Bg5 Bg7 4. Nbd2 d6 5. e4 O-O 6. c3 Nbd7 7. Bc4 e5 8.
dxe5 dxe5 9. Qc2 Qe7 10. O-O Nb6 11. Bb3 Be6 12. a4 a5 13. Rfd1 Rfe8 14. Bxe6
Qxe6 15. Nf1 h6 16. Bxf6 Bxf6 17. Ne3 c6 18. b3 Be7 19. Nd2 Bc5 20. Ndc4 Bxe3
21. Nxe3 Red8 22. h3 h5 23. Rab1 Qe7 1/2-1/2

[Event "FRA-chT"]
[Site "FRA"]
[Date "1996.??.??"]
[Round "?"]
[White "Estival, Alain"]
[Black "Cruz Lopez Claret, Carlos"]
[Result "1/2-1/2"]
[WhiteElo "2165"]
[BlackElo "2295"]
[PlyCount "71"]
[EventDate "1996.??.??"]
[Source "ChessBase"]

1. d4 f5 2. c4 Nf6 3. Nc3 g6 4. g3 d6 5. Bg2 Bg7 6. Nf3 O-O 7. O-O Nc6 8. Rb1
e5 9. dxe5 dxe5 10. Qxd8 Rxd8 11. Bg5 Be6 12. Nd2 e4 13. Rfd1 Ne5 14. b3 Rd7
15. Nf1 Rad8 16. Rxd7 Rxd7 17. Rd1 Nfg4 18. Rxd7 Nxd7 19. Nb5 c6 20. Nd6 Nc5
21. f3 exf3 22. Bxf3 Bf8 23. Ne8 Kf7 24. Nc7 Bc8 25. b4 Ne4 26. Bxe4 fxe4 27.
c5 b6 28. cxb6 axb6 29. b5 Bb7 30. bxc6 Bxc6 31. h3 Bc5+ 32. e3 Ne5 33. Nh2
Nf3+ 34. Nxf3 exf3 35. Kf2 b5 36. Na6 1/2-1/2

[Event "FRA-chT"]
[Site "FRA"]
[Date "1996.??.??"]
[Round "?"]
[White "Estival, Alain"]
[Black "Dubreuil, Nicolas"]
[Result "0-1"]
[WhiteElo "2165"]
[BlackElo "2235"]
[PlyCount "86"]
[EventDate "1996.??.??"]
[Source "ChessBase"]

1. d4 d5 2. c4 e6 3. Nc3 Nf6 4. Bg5 c6 5. cxd5 exd5 6. Qc2 Be7 7. e3 Nbd7 8.
Bd3 Nf8 9. Nf3 Ne6 10. Bxf6 Bxf6 11. O-O g6 12. b4 O-O 13. Rab1 b6 14. b5 c5
15. Nxd5 cxd4 16. Be4 Rb8 17. Nxf6+ Qxf6 18. Nxd4 Nxd4 19. exd4 Qxd4 20. Rfd1
Qe5 21. Re1 Re8 22. Re3 Qc5 23. Qxc5 bxc5 24. Bc6 Re6 25. Rxe6 Bxe6 26. a4 Kf8
27. Rc1 c4 28. a5 Ke7 29. b6 a6 30. Rd1 c3 31. Be4 Rd8 32. Rc1 f5 33. Bf3 g5
34. Rxc3 g4 35. Be2 Rd2 36. Kf1 Ra2 37. b7 Ra1+ 38. Bd1 Rxd1+ 39. Ke2 Rb1 40.
Rc7+ Bd7 41. b8=Q Rxb8 42. Ra7 Rb4 43. f3 Ra4 0-1

[Event "FRA-chT"]
[Site "FRA"]
[Date "1996.??.??"]
[Round "?"]
[White "Estival, Alain"]
[Black "Letreguilly, Olivier"]
[Result "1-0"]
[WhiteElo "2165"]
[BlackElo "2265"]
[PlyCount "233"]
[EventDate "1996.??.??"]
[Source "ChessBase"]

1. d4 Nf6 2. c4 e6 3. Nf3 c5 4. d5 exd5 5. cxd5 d6 6. Nc3 g6 7. g3 Bg7 8. Bg2
O-O 9. O-O a6 10. a4 Nbd7 11. Nd2 Re8 12. Nc4 Ne5 13. Nxe5 Rxe5 14. Bf4 Re8 15.
Qc2 Nh5 16. Bd2 Bd7 17. Rfb1 Qc7 18. a5 b5 19. axb6 Qxb6 20. e3 Nf6 21. h3 Bb5
22. b4 c4 23. Ra5 Nd7 24. Rba1 Qd8 25. Nxb5 Bxa1 26. Nxd6 Bg7 27. Nxe8 Qxe8 28.
Qxc4 Rc8 29. Qxa6 Rc2 30. Ra2 Nb8 31. Qa8 Bb2 32. Rxb2 Rxb2 33. Bc3 Rb3 34. Qa1
Qc8 35. Bd4 Rxb4 36. Qd1 Qc4 37. Kh2 Nd7 38. Qf3 Qd3 39. Qf4 Qf5 40. Qxf5 gxf5
41. Bf1 Nb6 42. d6 Rb3 43. Bg2 Nd7 44. Bc6 Nb8 45. Ba4 Rb7 46. Kg2 f6 47. Bxf6
Kf7 48. Bd8 Rb4 49. Bc2 Ke6 50. Bg5 Nd7 51. Bf4 Nf6 52. g4 fxg4 53. hxg4 Nxg4
54. d7 Nxe3+ 55. Bxe3 Kxd7 56. Bxh7 Ke6 57. Kf3 Kf6 58. Bc2 Rc4 59. Bb3 Rb4 60.
Bc2 Rc4 61. Bd3 Rb4 62. Bf4 Rb3 63. Ke3 Rb4 64. Bd6 Ra4 65. f4 Ra5 66. Bb4 Ra4
67. Bc3+ Ke6 68. Be4 Ra3 69. Kd3 Ra4 70. Bd4 Ra3+ 71. Ke2 Rb3 72. Be3 Ra3 73.
Kf3 Rb3 74. Bc2 Rc3 75. Bb1 Ra3 76. Ke4 Ra1 77. Bc2 Re1 78. Bd3 Kf6 79. Bc4 Kg6
80. Kf3 Rd1 81. Kg4 Kf6 82. Bf2 Rc1 83. Bd4+ Ke7 84. Ba2 Rd1 85. Be5 Rd2 86.
Bb3 Rh2 87. Kf5 Rh5+ 88. Kg6 Rh3 89. Bf6+ Kf8 90. Be6 Re3 91. f5 Rg3+ 92. Bg5
Rg1 93. Kf6 Rh1 94. Bf4 Rh7 95. Kg6 Rg7+ 96. Kh6 Rg1 97. Bd6+ Ke8 98. f6 Rf1
99. Kg6 Rg1+ 100. Kf5 Rf1+ 101. Ke5 Re1+ 102. Kd5 Rd1+ 103. Kc6 Rc1+ 104. Bc5
Rf1 105. Bd4 Kf8 106. Bd5 Rf4 107. Be5 Rf1 108. Kd6 Ke8 109. Ke6 Re1 110. Bf3
Kf8 111. Bg4 Re3 112. Kf5 Re1 113. Bd4 Rf1+ 114. Kg6 Rc1 115. Be3 Rf1 116. Be6
Ke8 117. Bf5 1-0

[Event "FRA-chT"]
[Site "FRA"]
[Date "1996.??.??"]
[Round "?"]
[White "Eusebe, Aurelien"]
[Black "Guigonis, Dominique"]
[Result "0-1"]
[WhiteElo "2145"]
[BlackElo "2315"]
[PlyCount "106"]
[EventDate "1996.??.??"]
[Source "ChessBase"]

1. e4 e5 2. Nf3 Nc6 3. Nc3 Be7 4. d4 exd4 5. Nxd4 Bf6 6. Be3 Nge7 7. Qd2 O-O 8.
O-O-O d6 9. Kb1 Ng6 10. Nd5 Bxd4 11. Bxd4 f5 12. Bc4 Kh8 13. exf5 Bxf5 14. Bc3
Nce5 15. Bb3 c6 16. Ne3 d5 17. h4 h5 18. f4 Ng4 19. Qd4 Qc7 20. Nxf5 Rxf5 21.
g3 Rf7 22. Bb4 b6 23. c4 Rd8 24. cxd5 c5 25. Qd3 Rd6 26. Bc3 Nf2 27. Qe2 Nxh1
28. Qxh5+ Kg8 29. Rxh1 Qd7 30. Bc2 Nf8 31. Rd1 b5 32. Be4 Qh3 33. Be5 Rh6 34.
Qf3 Nd7 35. Qc3 Nf6 36. Bxf6 Rfxf6 37. Qxc5 Qg4 38. Rd2 Qxg3 39. Qc8+ Rf8 40.
Qc1 Qxf4 41. Bg2 Rhf6 42. Qd1 Rd8 43. h5 Qg3 44. Qe2 Kf8 45. Rd3 Qf2 46. Qxf2
Rxf2 47. Bh3 Ke7 48. Be6 Rdf8 49. a3 R8f3 50. Rd4 Rb3 51. d6+ Kxe6 52. d7
Rbxb2+ 53. Ka1 Rbd2 0-1

[Event "FRA-chT"]
[Site "FRA"]
[Date "1996.??.??"]
[Round "?"]
[White "Eustache, Boris"]
[Black "Koch, Jean Rene"]
[Result "0-1"]
[WhiteElo "2080"]
[BlackElo "2490"]
[PlyCount "75"]
[EventDate "1996.??.??"]
[Source "ChessBase"]

1. d4 f5 2. Bf4 Nf6 3. e3 d6 4. Nf3 g6 5. h4 Bg7 6. h5 Nxh5 7. Rxh5 gxh5 8. Bc4
e6 9. Ng5 Qf6 10. Qxh5+ Qg6 11. Qh2 h6 12. Nf3 Nc6 13. Nc3 a6 14. O-O-O Bd7 15.
Rg1 O-O-O 16. g4 fxg4 17. Nh4 Qh5 18. Bd3 Bf6 19. Bg3 Rhg8 20. Ne4 Be7 21. c3
Qf7 22. Ng2 h5 23. Rh1 Rh8 24. Nh4 Rdg8 25. Kb1 e5 26. dxe5 dxe5 27. Bxe5 Qd5
28. Bd4 Nxd4 29. cxd4 Bxh4 30. Qxh4 Bf5 31. Nc5 Bxd3+ 32. Nxd3 Qg5 33. Qh2 h4
34. Nc5 g3 35. Qg2 c6 36. fxg3 Qxg3 37. Qd2 Qg2 38. Qxg2 0-1

[Event "FRA-chT"]
[Site "FRA"]
[Date "1996.??.??"]
[Round "?"]
[White "Fauvet, Eric"]
[Black "Cruz Lopez Claret, Carlos"]
[Result "1/2-1/2"]
[WhiteElo "2175"]
[BlackElo "2295"]
[PlyCount "82"]
[EventDate "1996.??.??"]
[Source "ChessBase"]

1. e4 e5 2. Nf3 Nc6 3. Nc3 Nf6 4. d4 exd4 5. Nxd4 Bb4 6. Nxc6 bxc6 7. Bd3 O-O
8. O-O d5 9. exd5 cxd5 10. Bg5 c6 11. Ne2 Bd6 12. Ng3 h6 13. Bxf6 Qxf6 14. c3
Rb8 15. Rb1 Re8 16. Bc2 Ba6 17. Bd3 Bxd3 18. Qxd3 Qf4 19. b3 Re6 20. Rbd1 Rbe8
21. c4 dxc4 22. Qxc4 Qxc4 23. bxc4 Bc5 24. Rd7 g6 25. h4 h5 26. Kh2 R6e7 27.
Rxe7 Rxe7 28. f3 f5 29. Rd1 Kf7 30. Rd8 Re6 31. Rd2 Rd6 32. Rxd6 Bxd6 33. Kh3
Ke6 34. Ne2 Ke5 35. g3 Bb4 36. Nf4 Kf6 37. Nd3 Bd2 38. f4 Bc3 39. Kg2 Ke6 40.
Kf3 Kd6 41. Ke3 c5 1/2-1/2

[Event "FRA-chT"]
[Site "FRA"]
[Date "1996.??.??"]
[Round "?"]
[White "Fauvet, Eric"]
[Black "Hagege, Gerard"]
[Result "0-1"]
[WhiteElo "2175"]
[BlackElo "2175"]
[PlyCount "96"]
[EventDate "1996.??.??"]
[Source "ChessBase"]

1. e4 c5 2. Nf3 e6 3. d4 cxd4 4. Nxd4 Nf6 5. Bd3 Nc6 6. Be3 d5 7. exd5 exd5 8.
O-O Bd6 9. Nf5 O-O 10. Nxd6 Qxd6 11. h3 d4 12. Na3 Qc5 13. Bd2 Bf5 14. b4 Qd5
15. Bc4 Qd7 16. c3 d3 17. Be3 Ne5 18. Bb5 Qc7 19. Bd4 Rad8 20. Re1 Nc6 21. Bxf6
gxf6 22. Bxc6 Qxc6 23. Qd2 Rfe8 24. Rad1 Re6 25. Rxe6 fxe6 26. Nc2 e5 27. Ne3
Be6 28. c4 Bxc4 29. Nf5 Qe6 30. g4 Kh8 31. Rc1 b5 32. a4 a6 33. axb5 axb5 34.
Ra1 Qf7 35. Ra6 Qg6 36. Ra7 Qg5 37. Ne3 Qf4 38. Rc7 Ra8 39. Nxc4 bxc4 40. Qd1
d2 41. b5 Qd4 42. Kg2 Qe4+ 43. Kh2 Qf4+ 44. Kg2 e4 45. b6 Qf3+ 46. Qxf3 exf3+
47. Kg3 d1=Q 48. b7 Rb8 0-1

[Event "FRA-chT"]
[Site "FRA"]
[Date "1996.??.??"]
[Round "?"]
[White "Fauvet, Eric"]
[Black "Marcelin, Cyril"]
[Result "0-1"]
[WhiteElo "2175"]
[BlackElo "2260"]
[PlyCount "86"]
[EventDate "1996.??.??"]
[Source "ChessBase"]

1. e4 c5 2. d4 cxd4 3. Qxd4 Nc6 4. Qd3 Nf6 5. Nc3 d6 6. Bg5 Qa5 7. f4 h6 8.
Bxf6 gxf6 9. O-O-O a6 10. Nd5 Bg7 11. Qg3 Kf8 12. Bc4 f5 13. e5 e6 14. Nf6 Qc5
15. Bb3 dxe5 16. fxe5 Qxe5 17. Rd8+ Ke7 18. Qxe5 Nxe5 19. Rxh8 Bxh8 20. Nh5 Bd7
21. Ne2 Bc6 22. Nhf4 Rd8 23. h3 Bf6 24. Rf1 Bg5 25. Kb1 Rd2 26. Re1 Bxf4 27.
Nxf4 Rf2 28. g3 Be4 29. a4 Nf3 30. Rd1 Nd2+ 31. Ka2 Nxb3 32. cxb3 Rf3 33. Rc1
Rxg3 34. Rc7+ Kd6 35. Rxf7 Rf3 36. Ne2 Rxh3 37. Nc3 Bc6 38. b4 b5 39. a5 Bd7
40. Rf8 Kc7 41. Ra8 Bc8 42. Ra7+ Bb7 43. Nxb5+ Kb8 0-1

[Event "FRA-chT"]
[Site "FRA"]
[Date "1996.??.??"]
[Round "?"]
[White "Flear, Christine"]
[Black "Bonvalot, Isabelle"]
[Result "1-0"]
[WhiteElo "2220"]
[BlackElo "2080"]
[PlyCount "71"]
[EventDate "1996.??.??"]
[Source "ChessBase"]

1. d4 Nf6 2. Nf3 g6 3. g3 Bg7 4. Bg2 O-O 5. c4 d6 6. O-O c6 7. Nc3 Nfd7 8. e4
e5 9. Be3 Na6 10. a3 Nc7 11. b4 Qe8 12. Qb3 Ne6 13. Rad1 c5 14. dxc5 dxc5 15.
Nd5 b6 16. Ng5 Rb8 17. Nxe6 Qxe6 18. Qa4 cxb4 19. axb4 a6 20. Rd2 Nf6 21. Rc1
Ng4 22. Bh3 f5 23. Bxg4 fxg4 24. Qd1 Rf7 25. c5 bxc5 26. Rxc5 Bf8 27. Nc7 Qf6
28. Rd8 h5 29. Ne8 Qe6 30. Qc2 Rd7 31. Rdxc8 Rxb4 32. R5c6 Qf7 33. Nf6+ Kg7 34.
Nxd7 Qf3 35. Rxf8 Rb2 36. Qxb2 1-0

[Event "FRA-chT"]
[Site "FRA"]
[Date "1996.??.??"]
[Round "?"]
[White "Flear, Glenn C"]
[Black "Berend, Fred"]
[Result "0-1"]
[WhiteElo "2435"]
[BlackElo "2425"]
[PlyCount "60"]
[EventDate "1996.??.??"]
[Source "ChessBase"]

1. d4 Nf6 2. c4 e6 3. Nc3 Bb4 4. Qc2 O-O 5. a3 Bxc3+ 6. Qxc3 b6 7. Bg5 Bb7 8.
e3 d6 9. f3 Nbd7 10. Bd3 c5 11. Ne2 h6 12. Bh4 Rc8 13. b4 e5 14. O-O Re8 15.
Rad1 cxb4 16. Qxb4 e4 17. fxe4 Bxe4 18. Nc3 Bxd3 19. Rxd3 Qe7 20. Bg3 Ne4 21.
Nxe4 Qxe4 22. Rc3 Re6 23. a4 Rg6 24. a5 h5 25. axb6 Nxb6 26. Rf4 Qc6 27. Rf5 h4
28. d5 Qd7 29. e4 hxg3 30. hxg3 Qa4 0-1

[Event "FRA-chT"]
[Site "FRA"]
[Date "1996.??.??"]
[Round "?"]
[White "Flear, Glenn C"]
[Black "Szabolcsi, Janos"]
[Result "1-0"]
[WhiteElo "2435"]
[BlackElo "2425"]
[PlyCount "43"]
[EventDate "1996.??.??"]
[Source "ChessBase"]

1. d4 f5 2. Nc3 d5 3. Bf4 Nf6 4. e3 e6 5. Nb5 Bd6 6. Nxd6+ cxd6 7. c3 O-O 8.
Qc2 Nc6 9. O-O-O Nh5 10. Bg3 Nxg3 11. hxg3 g6 12. Nh3 Bd7 13. Be2 b5 14. g4
fxg4 15. Bxg4 b4 16. Nf4 Rxf4 17. exf4 bxc3 18. bxc3 Rc8 19. Qe2 Qa5 20. Bxe6+
Kf8 21. Bxd7 Nxd4 22. Qb2 1-0

[Event "FRA-chT"]
[Site "FRA"]
[Date "1996.??.??"]
[Round "?"]
[White "Fontaine, Robert"]
[Black "Ribreau, Herve"]
[Result "1-0"]
[WhiteElo "2360"]
[BlackElo "2180"]
[PlyCount "97"]
[EventDate "1996.??.??"]
[Source "ChessBase"]

1. e4 e5 2. Nf3 Nc6 3. Bc4 Nf6 4. d3 d5 5. exd5 Nxd5 6. Qe2 Qd6 7. h3 Be6 8.
O-O f6 9. Re1 Kf7 10. Nc3 Nxc3 11. Bxe6+ Qxe6 12. bxc3 Bd6 13. Qe4 g6 14. Rb1
Rab8 15. c4 Rhe8 16. Bd2 Bc5 17. Be3 Bxe3 18. fxe3 a6 19. Rf1 Kg7 20. Nd2 f5
21. Qh4 Qe7 22. Qxe7+ Rxe7 23. g4 f4 24. exf4 Nd4 25. Rb2 Ne2+ 26. Kh2 exf4 27.
Ne4 h6 28. Rf2 Nd4 29. Rxf4 Ne6 30. Rf1 b6 31. a4 Nd4 32. Kg2 Nc6 33. Rf2 Rd8
34. Rb1 Re5 35. Rbf1 Rd7 36. Nf6 Rde7 37. Nd5 Rd7 38. c3 b5 39. axb5 axb5 40.
d4 Rg5 41. cxb5 Rgxd5 42. bxc6 Re7 43. Rd1 h5 44. c4 Rg5 45. d5 hxg4 46. h4 Rf5
47. c5 Kf7 48. d6 Re8 49. dxc7 1-0